[Event "FRA-ch U14 Girls"]
[Site "Saint Paul Trois Chateaux"]
[Date "2013.05.02"]
[Round "5"]
[White "Bellahcene, Anissa"]
[Black "Hug, Roxana"]
[Result "0-1"]
[WhiteElo "1462"]
[BlackElo "1583"]
[PlyCount "112"]
[EventDate "2013.04.28"]
[EventType "swiss"]
[EventRounds "9"]
[EventCountry "FRA"]
[SourceTitle "CBM 154 Extra"]
[Source "ChessBase"]
[SourceDate "2013.06.25"]
[SourceVersion "2"]
[SourceVersionDate "2013.06.25"]
[SourceQuality "1"]

1. e4 c5 2. c3 d6 3. d4 Nf6 4. Bd3 e5 5. dxe5 dxe5 6. Nf3 Nc6 7. Na3 a6 8. Bg5 Be7 9. Nc4 Qc7 10. Ne3 Be6 11. Qc2 h6 12. Bxf6 Bxf6 13. Nd5 Bxd5 14. exd5 Ne7 15. Qa4+ Kf8 16. c4 g6 17. Qc2 Rd8 18. Rd1 b5 19. b3 b4 20. Nd2 Nc8 21. Ne4 Bg7 22. g4 Nd6 23. Qe2 Qe7 24. Qf3 Nxe4 25. Bxe4 Rd6 26. Qe3 Rd7 27. Ke2 Bf6 28. d6 Rxd6 29. Rxd6 Qxd6 30. Rd1 Qc7 31. Rd5 Be7 32. Bb1 Kg7 33. Qxe5+ Qxe5+ 34. Rxe5 Bd6 35. Rd5 Re8+ 36. Kf3 Rd8 37. h3 Kf6 38. h4 Be7 39. Rxd8 Bxd8 40. Kf4 Bc7+ 41. Ke4 Ke6 42. h5 gxh5 43. gxh5 f5+ 44. Ke3 Kf6 45. Bd3 Kg5 46. Be2 Be5 47. f4+ Bxf4+ 48. Kf2 Be5 49. Ke3 Bd4+ 50. Kd2 Kf4 51. Kd3 Kg3 52. Bf1 Kf3 53. Bh3 f4 54. Kd2 Kf2 55. Bf5 f3 56. Bh3 Bc3+ 0-1

[Event "Wch U12 Girls"]
[Site "Caldas Novas"]
[Date "2011.11.24"]
[Round "7"]
[White "Tamarozi, Isabelle"]
[Black "Hug, Roxana"]
[Result "1/2-1/2"]
[WhiteElo "1697"]
[BlackElo "1510"]
[PlyCount "90"]
[EventDate "2011.11.18"]
[EventType "swiss"]
[EventRounds "9"]
[EventCountry "BRA"]
[SourceTitle "EXT 2013"]
[Source "ChessBase"]
[SourceDate "2012.11.22"]
[SourceVersion "1"]
[SourceVersionDate "2012.11.22"]
[SourceQuality "1"]

1. e4 c5 2. Nf3 Nc6 3. d4 cxd4 4. Nxd4 e5 5. Nb5 d6 6. N1c3 a6 7. Na3 b5 8. Nd5 Nge7 9. Be3 Rb8 10. Be2 Be6 11. Nxe7 Bxe7 12. Bg4 Qd7 13. Bxe6 Qxe6 14. 0-0 0-0 15. Nb1 Bf6 16. Nc3 Ne7 17. Qh5 Rfd8 18. Rad1 d5 19. exd5 Nxd5 20. Ne4 Nxe3 21. fxe3 Rxd1 22. Rxd1 Rd8 23. Rf1 g6 24. Nxf6+ Qxf6 25. Rxf6 gxh5 26. Rxa6 Rd1+ 27. Kf2 Rd2+ 28. Kf3 Rxc2 29. b3 Kg7 30. Ra5 f6 31. Rxb5 Rxa2 32. b4 Rb2 33. Rb7+ Kg6 34. b5 Rb4 35. b6 f5 36. Rb8 Kg7 37. b7 Rb2 38. h3 h4 39. g4 hxg3 40. Kxg3 Rb4 41. Kf3 Rb3 42. Ke2 f4 43. exf4 exf4 44. Kf2 h6 45. h4 h5 1/2-1/2

[Event "Wch U12 Girls"]
[Site "Caldas Novas"]
[Date "2011.11.22"]
[Round "5"]
[White "De Bruyn, Aleida"]
[Black "Hug, Roxana"]
[Result "0-1"]
[WhiteElo "1704"]
[BlackElo "1510"]
[PlyCount "56"]
[EventDate "2011.11.18"]
[EventType "swiss"]
[EventRounds "9"]
[EventCountry "BRA"]
[SourceTitle "EXT 2013"]
[Source "ChessBase"]
[SourceDate "2012.11.22"]
[SourceVersion "1"]
[SourceVersionDate "2012.11.22"]
[SourceQuality "1"]

1. c4 e5 2. Nc3 Nc6 3. g3 g6 4. Bg2 Bg7 5. a3 d6 6. e3 Be6 7. d3 Qd7 8. Nge2 Bh3 9. 0-0 h5 10. d4 h4 11. dxe5 hxg3 12. fxg3 Bxg2 13. Kxg2 Qh3+ 14. Kf2 Qxh2+ 15. Ke1 Bxe5 16. Rg1 Rh3 17. Ne4 Rh8 18. Nf2 Nge7 19. Kf1 Nf5 20. Ng4 Qh3+ 21. Rg2 Qxg4 22. Kf2 Nxg3 23. Qd3 Ne4+ 24. Kg1 Qh4 25. Kf1 Qf6+ 26. Kg1 Rh1+ 27. Kxh1 Qf1+ 28. Rg1 Qh3# 0-1

[Event "Wch U12 Girls"]
[Site "Caldas Novas"]
[Date "2011.11.20"]
[Round "3"]
[White "Hug, Roxana"]
[Black "Strgacich, Aylen"]
[Result "1/2-1/2"]
[WhiteElo "1510"]
[BlackElo "1706"]
[PlyCount "40"]
[EventDate "2011.11.18"]
[EventType "swiss"]
[EventRounds "9"]
[EventCountry "BRA"]
[SourceTitle "EXT 2013"]
[Source "ChessBase"]
[SourceDate "2012.11.22"]
[SourceVersion "1"]
[SourceVersionDate "2012.11.22"]
[SourceQuality "1"]

1. e4 c5 2. Nc3 Nf6 3. g3 d5 4. exd5 Nxd5 5. Bg2 Nc7 6. d3 Nc6 7. Be3 Nd4 8. Ne4 Nd5 9. c3 Nxe3 10. fxe3 Nf5 11. Nxc5 Nxe3 12. Qa4+ Bd7 13. Nxd7 Qxd7 14. Qxd7+ Kxd7 15. Kf2 Nxg2 16. Kxg2 e5 17. Nf3 f6 18. Rhe1 Bc5 19. Rad1 Rad8 20. d4 exd4 1/2-1/2

[Event "Wch U12 Girls"]
[Site "Caldas Novas"]
[Date "2011.11.18"]
[Round "1"]
[White "Hug, Roxana"]
[Black "Basto, Suely"]
[Result "1-0"]
[WhiteElo "1510"]
[BlackElo "1857"]
[PlyCount "103"]
[EventDate "2011.11.18"]
[EventType "swiss"]
[EventRounds "9"]
[EventCountry "BRA"]
[SourceTitle "EXT 2013"]
[Source "ChessBase"]
[SourceDate "2012.11.22"]
[SourceVersion "1"]
[SourceVersionDate "2012.11.22"]
[SourceQuality "1"]

1. e4 c5 2. Nc3 e6 3. g3 Nc6 4. Bg2 g6 5. d3 Bg7 6. Be3 d6 7. Qd2 Nd4 8. Nge2 Ne7 9. Nd1 d5 10. c3 Nxe2 11. Qxe2 d4 12. Bd2 0-0 13. 0-0 Re8 14. f4 Rb8 15. Nf2 b5 16. e5 Bb7 17. Bxb7 Rxb7 18. Ne4 Rd7 19. Nxc5 Rd5 20. Nb7 Qb6 21. Nd6 Rd8 22. Kh1 Qc6 23. Qf3 Nc8 24. c4 bxc4 25. dxc4 Rc5 26. Nb7 Qb6 27. Nxc5 Qxc5 28. Rac1 a5 29. a3 Qb6 30. b4 axb4 31. axb4 Bf8 32. Ra1 Qc7 33. Qg2 Qxc4 34. Rfc1 Qd3 35. Ra8 Qb3 36. h3 d3 37. Rcxc8 Rxc8 38. Rxc8 Kg7 39. Kh2 Qa3 40. Rc3 Qxb4 41. Rxd3 Qc4 42. Rc3 Qa2 43. Be3 Qa1 44. Rc8 Qa3 45. Qf2 Qb4 46. Bc5 Bxc5 47. Rxc5 Qb6 48. Qc2 h5 49. h4 Qa7 50. Rc8 Qa6 51. Qc4 Qb6 52. Qc5 1-0

[Event "EU-ch U12 Girls"]
[Site "Albena"]
[Date "2011.09.19"]
[Round "8"]
[White "Narva, Mai"]
[Black "Hug, Roxana"]
[Result "1-0"]
[WhiteElo "1640"]
[BlackElo "1504"]
[PlyCount "26"]
[EventDate "2011.09.11"]
[EventType "swiss"]
[EventRounds "9"]
[EventCountry "BUL"]
[SourceTitle "CBM 144 Extra"]
[Source "ChessBase"]
[SourceDate "2011.10.28"]
[SourceVersion "1"]
[SourceVersionDate "2011.10.28"]
[SourceQuality "1"]

1. e4 c5 2. Nf3 Nc6 3. d4 cxd4 4. Nxd4 e5 5. Nb5 d6 6. Be3 Nge7 7. Nxd6+ Kd7 8. Nxb7+ Kc7 9. Nxd8 Nxd8 10. Nc3 a6 11. Bb6+ Kxb6 12. Qxd8+ Ka7 13. Qc7+ Bb7 1-0

[Event "St Chely d'Aubrac op 11th"]
[Site "St Chely d'Aubrac"]
[Date "2011.07.10"]
[Round "2"]
[White "Hug, Roxana"]
[Black "Grange, Emmanuel"]
[Result "1-0"]
[WhiteElo "1530"]
[BlackElo "1675"]
[PlyCount "87"]
[EventDate "2011.07.09"]
[EventType "swiss"]
[EventRounds "7"]
[EventCountry "FRA"]
[SourceTitle "CBM 143 Extra"]
[Source "ChessBase"]
[SourceDate "2011.08.29"]
[SourceVersion "1"]
[SourceVersionDate "2011.08.29"]
[SourceQuality "1"]

1. e4 Nf6 2. e5 Nd5 3. d4 d6 4. exd6 exd6 5. c4 Nf6 6. Nc3 Nc6 7. Be2 Be7 8. Nf3 0-0 9. 0-0 Re8 10. h3 d5 11. c5 b6 12. Be3 h6 13. Rc1 Bd7 14. Re1 Rb8 15. Qc2 Nb4 16. Qd2 Nc6 17. Bb5 bxc5 18. Bxc6 Bxc6 19. dxc5 Ne4 20. Qc2 Bf6 21. Bd4 Rb4 22. Rcd1 Qb8 23. b3 Re6 24. Qc1 Qd8 25. Qc2 Bb7 26. a3 Nxc3 27. Qxc3 Rxe1+ 28. Rxe1 Rxd4 29. Nxd4 c6 30. Qe3 Qa5 31. b4 Qa4 32. Qd3 g6 33. Qb3 Qa6 34. Nc2 Bc8 35. a4 Be6 36. b5 Qa5 37. bxc6 d4 38. Rxe6 fxe6 39. Qxe6+ Kg7 40. Qd7+ Kf8 41. c7 d3 42. c8Q+ Bd8 43. Qcxd8+ Qxd8 44. Qxd8+ 1-0

[Event "FRA-ch U12 Girls"]
[Site "Montlucon"]
[Date "2011.04.20"]
[Round "5"]
[White "Hug, Roxana"]
[Black "Le Bihan, Alison"]
[Result "1-0"]
[WhiteElo "1550"]
[BlackElo "1600"]
[PlyCount "62"]
[EventDate "2011.04.17"]
[EventType "swiss"]
[EventRounds "9"]
[EventCountry "FRA"]
[SourceTitle "CBM 142 Extra"]
[Source "ChessBase"]
[SourceDate "2011.06.27"]
[SourceVersion "1"]
[SourceVersionDate "2011.06.27"]
[SourceQuality "1"]

1. e4 c5 2. Nc3 g6 3. g3 Bg7 4. Bg2 Nc6 5. d3 d6 6. Be3 Nf6 7. h3 a6 8. Qd2 b5 9. a3 Qa5 10. Nge2 Bd7 11. 0-0 0-0 12. Rad1 Rab8 13. Bh6 Rfc8 14. Bxg7 Kxg7 15. Kh1 Nd4 16. Qc1 Nxe2 17. Nxe2 Bc6 18. f4 c4 19. Qe3 Qb6 20. Qd2 cxd3 21. cxd3 Bb7 22. Nc3 Qd4 23. g4 e6 24. Bf3 Rg8 25. h4 e5 26. f5 gxf5 27. Qg5+ Kf8 28. Qxf6 f4 29. h5 Re8 30. Nd5 Bxd5 31. Qxd6+ Re7 1-0

[Event "FRA-ch U12 Girls"]
[Site "Montlucon"]
[Date "2011.04.19"]
[Round "4"]
[White "Broly, Mathilde"]
[Black "Hug, Roxana"]
[Result "0-1"]
[WhiteElo "1634"]
[BlackElo "1550"]
[PlyCount "97"]
[EventDate "2011.04.17"]
[EventType "swiss"]
[EventRounds "9"]
[EventCountry "FRA"]
[SourceTitle "CBM 142 Extra"]
[Source "ChessBase"]
[SourceDate "2011.06.27"]
[SourceVersion "1"]
[SourceVersionDate "2011.06.27"]
[SourceQuality "1"]

1. c4 e6 2. Nf3 d5 3. b3 Nf6 4. Bb2 Nbd7 5. d4 b6 6. Nc3 Bb7 7. e3 Be7 8. Be2 0-0 9. 0-0 Rc8 10. cxd5 Nxd5 11. Nxd5 Bxd5 12. Ba6 Rb8 13. Bc4 Bb7 14. Rc1 Rc8 15. Qd3 Bxf3 16. gxf3 Bd6 17. e4 Bf4 18. Rfd1 Bxc1 19. Bxc1 Qh4 20. Kf1 Nf6 21. Ke2 Nh5 22. Qe3 c5 23. d5 exd5 24. Bxd5 Rcd8 25. a3 Rfe8 26. e5 Nf6 27. Bc4 Rxd1 28. Kxd1 Qxh2 29. Bb2 Nh5 30. Kc2 Rd8 31. Bc1 Qg2 32. Bd2 h6 33. e6 Qg6+ 34. Kb2 fxe6 35. Bxe6+ Kh8 36. Bc4 Nf6 37. Bc3 Rd1 38. Bxf6 Qb1+ 39. Kc3 Qc1+ 40. Qxc1 Rxc1+ 41. Kd2 Rxc4 42. Bxg7+ Kxg7 43. bxc4 h5 44. f4 Kf6 45. Ke3 Kf5 46. Kf3 h4 47. Kg2 Kxf4 48. Kh3 Kf3 49. Kxh4 0-1

[Event "FRA-ch U12 Girls"]
[Site "Montlucon"]
[Date "2011.04.17"]
[Round "1"]
[White "Hug, Roxana"]
[Black "Grothe, Alice"]
[Result "1-0"]
[WhiteElo "1550"]
[BlackElo "1310"]
[PlyCount "73"]
[EventDate "2011.04.17"]
[EventType "swiss"]
[EventRounds "9"]
[EventCountry "FRA"]
[SourceTitle "CBM 142 Extra"]
[Source "ChessBase"]
[SourceDate "2011.06.27"]
[SourceVersion "1"]
[SourceVersionDate "2011.06.27"]
[SourceQuality "1"]

1. e4 d6 2. d4 Nf6 3. Nc3 g6 4. Nf3 Bg7 5. Bc4 0-0 6. Be3 Bg4 7. h3 Bxf3 8. Qxf3 Nbd7 9. 0-0-0 c6 10. g4 b5 11. Bb3 a5 12. a3 a4 13. Ba2 Qa5 14. Bd2 Qb6 15. Ne2 c5 16. Be3 b4 17. dxc5 Nxc5 18. axb4 Qxb4 19. Bxc5 dxc5 20. e5 Bh6+ 21. Kb1 a3 22. Bb3 c4 23. Rd4 axb2 24. Ba2 Rxa2 25. Kxa2 Qa4+ 26. Qa3 Qxc2 27. Rb1 Bc1 28. exf6 Qxe2 29. fxe7 Re8 30. Rd8 c3 31. Rxe8+ Kg7 32. Qxc3+ f6 33. Qc6 Qxf2 34. Ra8 f5 35. e8Q fxg4 36. Qc3+ Qf6 37. Qf8# 1-0

[Event "FRA-ch U12 Girls"]
[Site "Troyes"]
[Date "2010.04.15"]
[Round "6"]
[White "Broly, Marine"]
[Black "Hug, Roxana"]
[Result "1-0"]
[WhiteElo "1590"]
[BlackElo "1490"]
[PlyCount "91"]
[EventDate "2010.04.11"]
[EventType "swiss"]
[EventRounds "9"]
[EventCountry "FRA"]
[SourceTitle "EXT 2012"]
[Source "ChessBase"]
[SourceDate "2011.11.24"]
[SourceVersion "1"]
[SourceVersionDate "2011.11.24"]
[SourceQuality "1"]

1. Nc3 e5 2. e4 Nf6 3. Nf3 Nc6 4. Bc4 Bb4 5. a3 Bc5 6. d3 h6 7. h3 0-0 8. g4 Bd4 9. Nxd4 Nxd4 10. g5 hxg5 11. Bxg5 c6 12. Rg1 Qe7 13. Rg3 d6 14. Ne2 Nxe2 15. Qxe2 Be6 16. Bh6 Kh7 17. Bxg7 Rg8 18. Bxf6 Qxf6 19. Qh5+ Qh6 20. Qxh6+ Kxh6 21. Bxe6 fxe6 22. Ke2 Kh5 23. Rag1 Rxg3 24. fxg3 Kg5 25. Kf2 Rf8+ 26. Kg2 d5 27. Re1 d4 28. Rf1 Rb8 29. g4 b5 30. Kg3 Kg6 31. h4 Rh8 32. g5 Kg7 33. Kg4 c5 34. h5 Re8 35. h6+ Kg6 36. Rf6+ Kh7 37. Kh5 Kg8 38. g6 Rf8 39. h7+ Kg7 40. Rxf8 Kxf8 41. h8Q+ Ke7 42. Qxe5 a6 43. Kg5 c4 44. Qc7+ Ke8 45. g7 e5 46. g8R# 1-0

[Event "St Chely d'Aubrac op 9th"]
[Site "St Chely d'Aubrac"]
[Date "2009.07.15"]
[Round "6"]
[White "Veys, Vincent"]
[Black "Hug, Roxana"]
[Result "1-0"]
[WhiteElo "1602"]
[BlackElo "1390"]
[PlyCount "63"]
[EventDate "2009.07.11"]
[EventType "swiss"]
[EventRounds "9"]
[EventCountry "FRA"]
[SourceTitle "EXT 2010"]
[Source "ChessBase"]
[SourceDate "2010.11.25"]
[SourceVersion "1"]
[SourceVersionDate "2010.11.25"]
[SourceQuality "1"]

1. e4 c5 2. Nf3 Nc6 3. Bb5 g6 4. 0-0 Bg7 5. Nc3 a6 6. Bxc6 bxc6 7. d3 e6 8. Be3 d6 9. Qd2 Ne7 10. Bh6 0-0 11. Bxg7 Kxg7 12. Qg5 Ng8 13. Qe3 Nf6 14. e5 Nd5 15. Qd2 Rb8 16. Rab1 a5 17. Nxd5 cxd5 18. exd6 Qxd6 19. Qxa5 e5 20. h3 e4 21. dxe4 dxe4 22. Qc3+ Kg8 23. Nd2 Bb7 24. Rfd1 Qc6 25. Qg3 Rbe8 26. Nc4 Ba6 27. Ne5 Qe6 28. Nd7 Be2 29. Qc3 Rd8 30. Nf6+ Kg7 31. Nh5+ Kg8 32. Qg7# 1-0

[Event "St Chely d'Aubrac op 9th"]
[Site "St Chely d'Aubrac"]
[Date "2009.07.13"]
[Round "3"]
[White "Grange, Julien"]
[Black "Hug, Roxana"]
[Result "0-1"]
[WhiteElo "1199"]
[BlackElo "1390"]
[PlyCount "118"]
[EventDate "2009.07.11"]
[EventType "swiss"]
[EventRounds "9"]
[EventCountry "FRA"]
[SourceTitle "EXT 2010"]
[Source "ChessBase"]
[SourceDate "2010.11.25"]
[SourceVersion "1"]
[SourceVersionDate "2010.11.25"]
[SourceQuality "1"]

1. e4 c5 2. Nc3 Nc6 3. Bc4 g6 4. d3 Bg7 5. Nge2 e6 6. Bf4 a6 7. a4 Nge7 8. Bd6 0-0 9. Bxc5 Re8 10. 0-0 d5 11. Bb3 b6 12. Bxe7 Nxe7 13. Nf4 Bb7 14. Qf3 dxe4 15. dxe4 Nf5 16. Qd3 Qxd3 17. Nxd3 Nd4 18. Rfe1 Nxb3 19. cxb3 Red8 20. Rad1 Rd7 21. Re3 Rad8 22. f3 Bd4 23. Kf2 Bxe3+ 24. Kxe3 a5 25. Na2 Ba6 26. Nac1 b5 27. g4 bxa4 28. bxa4 h5 29. h3 Bxd3 30. Nxd3 Rb8 31. Rb1 Rb3 32. Rd1 Kg7 33. g5 f6 34. h4 f5 35. f4 Rd8 36. Rd2 Rb7 37. Nc5 Rxd2 38. Kxd2 Rxb2+ 39. Kc3 Rb6 40. Kd4 Kf7 41. e5 Rb4+ 42. Kc3 Rxf4 43. Kd3 Rxh4 44. Ke3 Rb4 45. Kd3 f4 46. Ke2 Rc4 47. Nb7 Rxa4 48. Kf3 Ra1 49. Nc5 a4 50. Kxf4 a3 51. Nb3 Rb1 52. Nd4 a2 53. Nc2 Rc1 54. Nd4 a1Q 55. Ke3 Qa3+ 56. Kd2 Rh1 57. Nc2 Rh2+ 58. Kd1 Qb2 59. Ne3 Qb1# 0-1

[Event "FRA-chT U20 0809"]
[Site "Sautron"]
[Date "2009.01.03"]
[Round "6.10"]
[White "Hug, Roxana"]
[Black "Stark, Antoine"]
[Result "0-1"]
[WhiteElo "1340"]
[BlackElo "1510"]
[PlyCount "104"]
[EventDate "2008.10.??"]
[EventType "team-tourn"]
[EventRounds "11"]
[EventCountry "FRA"]
[SourceTitle "EXT 2010"]
[Source "ChessBase"]
[SourceDate "2010.11.25"]
[SourceVersion "1"]
[SourceVersionDate "2010.11.25"]
[SourceQuality "1"]

1. e4 c5 2. Nf3 Nc6 3. c3 d6 4. d4 cxd4 5. cxd4 Nf6 6. Nc3 g6 7. Bb5 Bd7 8. 0-0 Bg7 9. Re1 e5 10. d5 Ne7 11. Bxd7+ Qxd7 12. Bg5 0-0 13. Rc1 Rac8 14. Qd2 Nh5 15. Qe3 b6 16. Rc2 f5 17. Bxe7 Qxe7 18. Qd2 fxe4 19. Rxe4 Rf4 20. a3 Bh6 21. Qd3 Qf7 22. h3 Qf5 23. Rce2 Rxe4 24. Qxe4 Nf4 25. Re1 Nd3 26. Qxf5 gxf5 27. Rb1 Nxb2 28. Rxb2 Rxc3 29. Kh1 Rxa3 30. Rc2 Ra5 31. Rc8+ Bf8 32. Ra8 Kf7 33. Ng5+ Kg6 34. Ne6 Bg7 35. Rd8 Rxd5 36. Rd7 Bh6 37. Rxa7 Ra5 38. Rb7 Ra6 39. Nc7 Bf4 40. g3 Bd2 41. Kg2 Ra2 42. h4 Rb2 43. Kh3 Be1 44. f3 Bf2 45. Nd5 Bg1 46. g4 f4 47. h5+ Kg5 48. Rg7+ Kh6 49. g5+ Kxg7 50. Kh4 b5 51. Kg4 b4 52. Nxb4 Rxb4 0-1

[Event "FRA-chT U20 0809"]
[Site "Sautron"]
[Date "2009.01.02"]
[Round "4.8"]
[White "Beneteau Desmoulieres, Mael"]
[Black "Hug, Roxana"]
[Result "0-1"]
[WhiteElo "1110"]
[BlackElo "1280"]
[PlyCount "38"]
[EventDate "2008.10.??"]
[EventType "team-tourn"]
[EventRounds "11"]
[EventCountry "FRA"]
[SourceTitle "EXT 2010"]
[Source "ChessBase"]
[SourceDate "2010.11.25"]
[SourceVersion "1"]
[SourceVersionDate "2010.11.25"]
[SourceQuality "1"]

1. e4 c5 2. Nf3 Nc6 3. Bc4 g6 4. Nc3 Bg7 5. 0-0 a6 6. d3 e6 7. Bg5 Nge7 8. Qd2 0-0 9. Bh6 b5 10. Bb3 Rb8 11. Qg5 a5 12. Qh4 a4 13. Ng5 Re8 14. Bxg7 Kxg7 15. Qxh7+ Kf6 16. Qh6 Ng8 17. Qh4 axb3 18. Nh7+ Kg7 19. cxb3 Qxh4 0-1